| 000 | 00451nam a2200145Ia 4500 | ||
|---|---|---|---|
| 008 | 100415s9999 xx 000 0 und d | ||
| 082 |
_b9641 _a598.2(70) |
||
| 100 | _aDeignan, Herbert,G | ||
| 245 | _aType Specimens Of Birds In The Unital States | ||
| 260 |
_aDELHI _c1961 _bSMITHONIAN INSTITUTION |
||
| 365 | _b0 | ||
| 630 | _aType Specimens Of Birds In The Unital States | ||
| 730 | _aType Specimens Of Birds In The Unital States | ||
| 942 | _cBOOK | ||
| 999 |
_c592577 _d592574 |
||